[Event "St Petersburg-ch Seniors Blitz"]
[Site "St Petersburg"]
[Date "2022.10.05"]
[Round "5"]
[White "Klots, Leonid"]
[Black "Vul, Arkadi Eremeevich"]
[Result "1/2-1/2"]
[WhiteElo "1918"]
[BlackElo "2081"]
[PlyCount "82"]
[EventDate "2022.10.05"]
[EventType "swiss"]
[EventRounds "11"]
[EventCountry "RUS"]
[SourceTitle "CBM 210 Extra"]
[Source "ChessBase"]
[SourceDate "2022.11.30"]
[SourceVersion "1"]
[SourceVersionDate "2022.11.30"]
[SourceQuality "1"]

1. Nf3 Nf6 2. g3 d5 3. Bg2 e6 4. d3 Be7 5. 0-0 c5 6. c4 Nc6 7. cxd5 Nxd5 8. Nc3 0-0 9. Bd2 b6 10. a3 Bb7 11. Qb3 Qd7 12. Rfd1 Rfd8 13. Be1 Nd4 14. Nxd4 cxd4 15. Nxd5 Bxd5 16. Bxd5 Qxd5 17. Qxd5 Rxd5 18. Rdc1 Rd7 19. Rc2 Kf8 20. Bd2 Ke8 21. Rac1 Kd8 22. Kg2 Bd6 23. Rc6 Ke7 24. Kf3 f5 25. h3 e5 26. Bb4 Bxb4 27. axb4 Rad8 28. g4 fxg4+ 29. hxg4 Rd6 30. Ke4 Ke6 31. b5 R8d7 32. b4 g6 33. g5 Rf7 34. Rxd6+ Kxd6 35. Rc6+ Kd7 36. f3 Rf5 37. Kd5 Rxg5 38. Rf6 Ke7 39. Rc6 Kd7 40. Rf6 Ke7 41. Rc6 Kd7 1/2-1/2

[Event "Agzamov Memorial 13th"]
[Site "Tashkent"]
[Date "2019.03.15"]
[Round "6"]
[White "Vul, Arkadi Eremeevich"]
[Black "Nigmatov, Ortik"]
[Result "0-1"]
[WhiteElo "2253"]
[BlackElo "2478"]
[PlyCount "114"]
[EventDate "2019.03.12"]
[EventType "swiss"]
[EventRounds "9"]
[EventCountry "UZB"]
[SourceTitle "CBM 189 Extra"]
[Source "ChessBase"]
[SourceDate "2019.06.03"]
[SourceVersion "1"]
[SourceVersionDate "2019.06.03"]
[SourceQuality "1"]

1. Nf3 Nf6 2. c4 g6 3. g3 Bg7 4. d4 0-0 5. Bg2 d6 6. 0-0 Nc6 7. Nc3 Bg4 8. h3 Bxf3 9. Bxf3 Nd7 10. e3 e5 11. Bxc6 bxc6 12. b3 Qf6 13. dxe5 Nxe5 14. Bb2 Rab8 15. Rb1 Qf3 16. Na4 Qf5 17. Bxe5 Bxe5 18. Kh2 h5 19. h4 Rfe8 20. Qe2 Bf6 21. Rbc1 Re4 22. f3 Re7 23. e4 Qe5 24. Rc2 Rbe8 25. Qd3 Bg7 26. Nc3 Qc5 27. Na4 Qe5 28. Nc3 Qa5 29. Na4 f5 30. Re2 Qe5 31. Kg2 f4 32. g4 hxg4 33. fxg4 g5 34. h5 Qe6 35. Kf3 Be5 36. Rfe1 Qf6 37. Rd1 Kg7 38. Rde1 Bd4 39. Rd1 c5 40. Rde1 c6 41. e5 Bxe5 42. Nc3 Bxc3 43. Rxe7+ Rxe7 44. Rxe7+ Qxe7 45. Qxc3+ Qf6 46. Qxf6+ Kxf6 47. Ke4 d5+ 48. Kf3 Ke5 49. Ke2 d4 50. Kd3 f3 51. Kd2 Kf4 52. h6 Kg3 53. h7 f2 54. h8Q f1Q 55. Qc8 Qf2+ 56. Kd1 d3 57. Qe6 Qc2+ 0-1

[Event "RUS GP rap"]
[Site "Serpukhov"]
[Date "2018.02.24"]
[Round "8"]
[White "Moskvin, Anatoly"]
[Black "Vul, Arkadi Eremeevich"]
[Result "0-1"]
[WhiteElo "2088"]
[BlackElo "2225"]
[PlyCount "78"]
[EventDate "2018.02.23"]
[EventType "swiss (rapid)"]
[EventRounds "11"]
[EventCountry "RUS"]
[SourceTitle "CBM 183 Extra"]
[Source "ChessBase"]
[SourceDate "2018.04.19"]
[SourceVersion "1"]
[SourceVersionDate "2018.04.19"]
[SourceQuality "1"]

1. e4 e5 2. Nf3 Nc6 3. Bc4 Nf6 4. d3 Be7 5. c3 d6 6. Nbd2 0-0 7. Bb3 h6 8. Nf1 Nh7 9. h3 Ng5 10. Ng3 Nxf3+ 11. Qxf3 Bg5 12. Be3 Bxe3 13. fxe3 Be6 14. Nf5 Bxb3 15. axb3 Kh7 16. Qh5 Ne7 17. 0-0 Ng8 18. Qf3 g6 19. Ng3 Kg7 20. b4 a6 21. Rf2 Qg5 22. Kh2 Ne7 23. b5 a5 24. b3 b6 25. Rfa2 Rac8 26. d4 exd4 27. exd4 Qxb5 28. Rf2 f5 29. Raf1 Qxb3 30. exf5 Nxf5 31. Qe4 Rce8 32. Nxf5+ gxf5 33. Qc6 Re7 34. Rxf5 Rxf5 35. Rxf5 Qe6 36. Rf3 d5 37. Rg3+ Kh7 38. Qa8 Re8 39. Qb7 Qd6 0-1

[Event "RUS GP rap"]
[Site "Serpukhov"]
[Date "2018.02.23"]
[Round "6"]
[White "Vul, Arkadi Eremeevich"]
[Black "Iljiushenok, Ilia"]
[Result "1-0"]
[WhiteElo "2225"]
[BlackElo "2528"]
[PlyCount "148"]
[EventDate "2018.02.23"]
[EventType "swiss (rapid)"]
[EventRounds "11"]
[EventCountry "RUS"]
[SourceTitle "CBM 183 Extra"]
[Source "ChessBase"]
[SourceDate "2018.04.19"]
[SourceVersion "1"]
[SourceVersionDate "2018.04.19"]
[SourceQuality "1"]

1. Nf3 Nf6 2. c4 g6 3. g3 Bg7 4. Bg2 0-0 5. d4 d6 6. 0-0 Nc6 7. Nc3 a6 8. h3 Bd7 9. e4 e5 10. Be3 exd4 11. Nxd4 Re8 12. Re1 Rb8 13. Rc1 Na5 14. b3 b5 15. cxb5 axb5 16. Nde2 Nc6 17. Nd4 Nxd4 18. Bxd4 c5 19. Bxf6 Qxf6 20. e5 Rxe5 21. Ne4 Qe7 22. Qxd6 Qxd6 23. Nxd6 Rxe1+ 24. Rxe1 Bf8 25. Ne4 Kg7 26. Rd1 Bc6 27. Ng5 Be8 28. Ne4 Bc6 29. Ng5 Be8 30. Ne4 Rb6 31. Rd8 Re6 32. Rc8 Bd7 33. Rc7 Bc6 34. Ng5 Re1+ 35. Kh2 Bxg2 36. Kxg2 Be7 37. h4 h6 38. Nf3 Re4 39. Kf1 Kf6 40. Rc6+ Re6 41. Rxe6+ Kxe6 42. Ke2 Kd5 43. Kd3 c4+ 44. bxc4+ bxc4+ 45. Ke2 Bf6 46. Nd2 c3 47. Nb3 Kc4 48. Nc1 h5 49. Kd1 Bd4 50. Ke2 Bb6 51. f3 Bc7 52. g4 Bg3 53. gxh5 gxh5 54. Nd3 Bxh4 55. Ne5+ Kd4 56. Nxf7 Bg3 57. Ng5 h4 58. Nh3 Bd6 59. a4 Ba3 60. Kd1 Kd3 61. Nf4+ Ke3 62. Ng2+ Kd4 63. Nf4 Bd6 64. Ne2+ Ke3 65. Ng1 Kd3 66. Ne2 c2+ 67. Ke1 h3 68. Nc1+ Ke3 69. Kf1 Kxf3 70. Kg1 Ke3 71. a5 Ba3 72. Na2 Kd3 73. a6 Kc4 74. Kh2 Bc5 1-0

[Event "Kolomna rapid op"]
[Site "Kolomna"]
[Date "2018.02.16"]
[Round "4"]
[White "Vul, Arkadi Eremeevich"]
[Black "Kryakvin, Dmitry"]
[Result "0-1"]
[WhiteElo "2225"]
[BlackElo "2567"]
[PlyCount "54"]
[EventDate "2018.02.16"]
[EventType "swiss (rapid)"]
[EventRounds "11"]
[EventCountry "RUS"]
[SourceTitle "CBM 183 Extra"]
[Source "ChessBase"]
[SourceDate "2018.04.19"]
[SourceVersion "1"]
[SourceVersionDate "2018.04.19"]
[SourceQuality "1"]

1. Nf3 d5 2. d4 Nf6 3. c4 c6 4. cxd5 cxd5 5. Nc3 Nc6 6. Bf4 Nh5 7. Bd2 e6 8. Rc1 Be7 9. e3 0-0 10. Bd3 Bd7 11. 0-0 f5 12. Ne5 Nf6 13. Nxd7 Qxd7 14. Na4 Bd6 15. Nc5 Qe7 16. f4 Ne4 17. Nxe4 fxe4 18. Bb5 Rac8 19. Qa4 g5 20. Bxc6 bxc6 21. Rxc6 Qe8 22. Rfc1 gxf4 23. exf4 Rxc6 24. Qxc6 Qb8 25. Qd7 Bxf4 26. Qxe6+ Kh8 27. Bxf4 Qxf4 0-1

[Event "Cappelle op 32nd"]
[Site "Cappelle la Grande"]
[Date "2016.02.17"]
[Round "6"]
[White "Vul, Arkadi Eremeevich"]
[Black "Jarmula, Lukasz"]
[Result "0-1"]
[WhiteElo "2267"]
[BlackElo "2374"]
[PlyCount "122"]
[EventDate "2016.02.13"]
[EventType "swiss"]
[EventRounds "9"]
[EventCountry "FRA"]
[SourceTitle "EXT 2017"]
[Source "ChessBase"]
[SourceDate "2016.10.25"]
[SourceVersion "1"]
[SourceVersionDate "2016.10.25"]
[SourceQuality "1"]

1. Nf3 Nf6 2. c4 g6 3. g3 Bg7 4. d4 0-0 5. Bg2 d6 6. 0-0 c6 7. Nc3 Qa5 8. e4 e5 9. h3 Nbd7 10. Re1 exd4 11. Nxd4 Ne5 12. Bf1 Re8 13. Be3 c5 14. Nb3 Qb4 15. a3 Qb6 16. Nd2 Bd7 17. Rb1 Qc7 18. f4 Nc6 19. Bf2 Nd4 20. Nf3 Nxf3+ 21. Qxf3 a6 22. Rbd1 Bc6 23. Qd3 Rad8 24. Bg2 Qb8 25. Qc2 Qc8 26. b4 b6 27. Kh2 Qc7 28. b5 axb5 29. Nxb5 Bxb5 30. cxb5 Nd7 31. Qc4 Nf8 32. Rd3 h5 33. h4 Nd7 34. Red1 Nf6 35. Bf3 Rd7 36. Kg2 Re6 37. R1d2 Rde7 38. Re3 d5 39. exd5 Rxe3 40. d6 Qd8 41. Bd5 R7e4 42. Bxf7+ Kf8 43. Qa2 Qa8 44. Bxe3 Rxe3+ 45. Bd5 Nxd5 46. Qxd5 Qxd5+ 47. Rxd5 Bf6 48. d7 Bd8 49. Rd6 Kf7 50. a4 Ra3 51. f5 gxf5 52. Rh6 Rd3 53. Rxh5 Kg6 54. Rh8 Rxd7 55. Re8 c4 56. Re6+ Kf7 57. Rc6 Rc7 58. Kf3 Rxc6 59. bxc6 Ke6 60. Ke3 Kd5 61. h5 Bg5+ 0-1

[Event "Cappelle op 32nd"]
[Site "Cappelle la Grande"]
[Date "2016.02.13"]
[Round "1"]
[White "Basso, Pier Luigi"]
[Black "Vul, Arkadi Eremeevich"]
[Result "1-0"]
[WhiteElo "2483"]
[BlackElo "2267"]
[PlyCount "147"]
[EventDate "2016.02.13"]
[EventType "swiss"]
[EventRounds "9"]
[EventCountry "FRA"]
[SourceTitle "EXT 2017"]
[Source "ChessBase"]
[SourceDate "2016.10.25"]
[SourceVersion "1"]
[SourceVersionDate "2016.10.25"]
[SourceQuality "1"]

1. d4 d5 2. Nf3 e6 3. g3 Nf6 4. Bg2 Be7 5. c4 0-0 6. 0-0 b6 7. cxd5 exd5 8. Nc3 Bb7 9. Ne5 Na6 10. Bf4 c5 11. Rc1 Nc7 12. dxc5 bxc5 13. Nc4 Rb8 14. Bxc7 Qxc7 15. Nxd5 Bxd5 16. Bxd5 Rfd8 17. e4 Nxe4 18. Qh5 Ng5 19. Rfd1 g6 20. Qg4 h5 21. Qe2 Bf6 22. b3 Re8 23. Qd3 Kg7 24. h4 Ne6 25. Bxe6 Rxe6 26. Re1 Rd8 27. Qf3 Rde8 28. Rxe6 Rxe6 29. Kg2 Bd4 30. Rc2 Qe7 31. Qd3 Qb7+ 32. Qf3 Qe7 33. Qd5 Rf6 34. Kf1 Re6 35. Rd2 Re1+ 36. Kg2 Rc1 37. Ne3 Bxe3 38. Re2 Rc3 39. Qf3 Qf6 40. Rxe3 Qxf3+ 41. Kxf3 Rc2 42. Re2 Rc3+ 43. Ke4 Kf6 44. Kd5 Rc1 45. Re4 Rc2 46. Rf4+ Kg7 47. Ra4 Rxf2 48. Rxa7 Rf3 49. Kxc5 Rc3+ 50. Kd6 Rxg3 51. b4 g5 52. hxg5 h4 53. Rc7 h3 54. Rc1 Rxg5 55. Rh1 Rg2 56. a4 h2 57. b5 Ra2 58. b6 Rxa4 59. Rxh2 Rd4+ 60. Kc6 Rc4+ 61. Kb5 Rc8 62. b7 Rb8 63. Kc6 f5 64. Kc7 Rf8 65. Rb2 Kf6 66. b8Q Rxb8 67. Rxb8 Ke5 68. Kc6 f4 69. Kc5 Ke4 70. Kc4 Ke3 71. Kc3 Ke2 72. Re8+ Kf2 73. Kd2 f3 74. Rf8 1-0

[Event "Muhiddinov Memorial"]
[Site "Tashkent"]
[Date "2015.11.16"]
[Round "5"]
[White "Abdusattorova, Bakhora"]
[Black "Vul, Arkadi Eremeevich"]
[Result "0-1"]
[WhiteElo "2077"]
[BlackElo "2251"]
[PlyCount "84"]
[EventDate "2015.11.14"]
[EventType "tourn"]
[EventRounds "9"]
[EventCountry "UZB"]
[SourceTitle "CBM 169 Extra"]
[Source "ChessBase"]
[SourceDate "2015.12.18"]
[SourceVersion "1"]
[SourceVersionDate "2015.12.18"]
[SourceQuality "1"]

1. d4 d5 2. c4 e6 3. Nc3 c6 4. e3 Nf6 5. Nf3 Nbd7 6. Bd3 dxc4 7. Bxc4 b5 8. Bd3 a6 9. a4 b4 10. Ne4 c5 11. 0-0 Bb7 12. Nxf6+ Nxf6 13. dxc5 Bxc5 14. Qe2 Ne4 15. Qc2 f5 16. Bxe4 fxe4 17. Qxc5 exf3 18. Qh5+ g6 19. Qe5 Kf7 20. gxf3 Bxf3 21. Qg3 Qf6 22. Bd2 a5 23. Rac1 Rhc8 24. Rfe1 Rd8 25. Rc4 e5 26. Bc1 e4 27. Rc7+ Kg8 28. Qh3 h5 29. b3 Rd5 30. Bb2 Rg5+ 31. Kf1 Qa6+ 32. Rc4 Rg4 33. Rec1 Rd8 34. Bd4 Qe6 35. Rc6 Qxb3 36. Qxg4 hxg4 37. Rxg6+ Kf8 38. Rh6 Rxd4 39. exd4 Qd3+ 40. Kg1 Qd2 41. Rhc6 e3 42. R6c2 b3 0-1

[Event "Muhiddinov Memorial"]
[Site "Tashkent"]
[Date "2015.11.14"]
[Round "1"]
[White "Khamdamov, Suhrob"]
[Black "Vul, Arkadi Eremeevich"]
[Result "0-1"]
[WhiteElo "2278"]
[BlackElo "2251"]
[PlyCount "140"]
[EventDate "2015.11.14"]
[EventType "tourn"]
[EventRounds "9"]
[EventCountry "UZB"]
[SourceTitle "CBM 169 Extra"]
[Source "ChessBase"]
[SourceDate "2015.12.18"]
[SourceVersion "1"]
[SourceVersionDate "2015.12.18"]
[SourceQuality "1"]

1. e4 e5 2. Nf3 Nc6 3. c3 Nf6 4. d4 Nxe4 5. d5 Nb8 6. Qe2 Nf6 7. Qxe5+ Qe7 8. Bc4 Qxe5+ 9. Nxe5 d6 10. Nf3 Nbd7 11. 0-0 Nb6 12. Re1+ Be7 13. Bb3 Nbxd5 14. Bg5 h6 15. Bxf6 Nxf6 16. Na3 a6 17. Re2 d5 18. c4 Be6 19. cxd5 Nxd5 20. Nd4 0-0-0 21. Nxe6 fxe6 22. Nc4 Bc5 23. g3 Rhe8 24. Kg2 Bd4 25. Rae1 Kd7 26. Rd1 c5 27. Ne5+ Bxe5 28. Rxe5 Kc6 29. Rde1 Nc7 30. R1e2 Kd6 31. f4 b5 32. Bc2 c4 33. Bg6 Rf8 34. h4 Rf6 35. h5 Nd5 36. Be4 Kc7 37. Bf3 Rd6 38. a4 Kb6 39. axb5 axb5 40. Kh3 b4 41. Bg4 c3 42. bxc3 bxc3 43. Bxe6 c2 44. Re1 c1Q 45. Rxc1 Rfxe6 46. Rf5 Nf6 47. Rb1+ Kc7 48. Ra5 Ra6 49. Rc5+ Rec6 50. Re5 Re6 51. Rc5+ Rac6 52. Ra5 Kd7 53. Rb7+ Rc7 54. Rxc7+ Kxc7 55. Ra7+ Kc6 56. Rxg7 Nxh5 57. Ra7 Nf6 58. Ra6+ Kd7 59. Rxe6 Kxe6 60. g4 Ne8 61. Kg3 Ng7 62. Kf3 Kd5 63. Ke3 Ne6 64. Kf3 Kd4 65. g5 h5 66. f5 Nxg5+ 67. Kg3 Nh7 68. Kh4 Nf6 69. Kg5 Ke5 70. Kh4 Kxf5 0-1

[Event "Khodzhaev Memorial"]
[Site "Tashkent"]
[Date "2015.11.09"]
[Round "2"]
[White "Vokhidov, Shamsiddin"]
[Black "Vul, Arkadi Eremeevich"]
[Result "1-0"]
[WhiteElo "2336"]
[BlackElo "2251"]
[PlyCount "88"]
[EventDate "2015.11.09"]
[EventType "tourn"]
[EventRounds "9"]
[EventCountry "UZB"]
[EventCategory "3"]
[SourceTitle "EXT 2017"]
[Source "ChessBase"]
[SourceDate "2016.10.25"]
[SourceVersion "1"]
[SourceVersionDate "2016.10.25"]
[SourceQuality "1"]

1. e4 e5 2. Nf3 Nc6 3. Bb5 g6 4. c3 Nge7 5. d4 exd4 6. cxd4 d5 7. exd5 Nxd5 8. 0-0 Bg7 9. Re1+ Be6 10. Bg5 Qd6 11. Nbd2 0-0 12. Ne4 Qb4 13. Bxc6 bxc6 14. Qc1 Rfe8 15. Bd2 Qb6 16. Nc5 Bf5 17. Ne5 Rad8 18. b3 Nb4 19. Bxb4 Bxe5 20. Bc3 Bg7 21. Qf4 Qb8 22. Re3 Qc8 23. Rae1 Be6 24. Re4 Bd5 25. Re7 Rxe7 26. Rxe7 Rd6 27. Ba5 g5 28. Qe3 Qg4 29. Re8+ Bf8 30. f3 Bxf3 31. Qxf3 Qxd4+ 32. Qf2 Qa1+ 33. Re1 Rd1 34. Ne4 Bg7 35. Kf1 h6 36. Qc2 Rxe1+ 37. Bxe1 Qe5 38. Ng3 h5 39. Qf5 h4 40. Qxe5 Bxe5 41. Ne4 f6 42. h3 Kf7 43. Ke2 Ke6 44. Bf2 a6 1-0

[Event "Khodzhaev Memorial"]
[Site "Tashkent"]
[Date "2015.11.09"]
[Round "1"]
[White "Vul, Arkadi Eremeevich"]
[Black "Saydaliev, Saidakbar"]
[Result "1-0"]
[WhiteElo "2251"]
[BlackElo "2269"]
[PlyCount "63"]
[EventDate "2015.11.09"]
[EventType "tourn"]
[EventRounds "9"]
[EventCountry "UZB"]
[EventCategory "3"]
[SourceTitle "EXT 2017"]
[Source "ChessBase"]
[SourceDate "2016.10.25"]
[SourceVersion "1"]
[SourceVersionDate "2016.10.25"]
[SourceQuality "1"]

1. Nf3 c5 2. c4 Nc6 3. d4 cxd4 4. Nxd4 Nf6 5. Nc3 e6 6. Ndb5 d6 7. Bf4 e5 8. Bg5 a6 9. Na3 Be6 10. e3 Be7 11. Be2 0-0 12. 0-0 Rc8 13. Qd2 Na5 14. Bxf6 Bxf6 15. Nd5 Bxd5 16. cxd5 b5 17. Rac1 Nb7 18. b4 Qd7 19. h3 Bg5 20. Rxc8 Rxc8 21. Rc1 Ra8 22. Qc2 Bd8 23. Qc6 Qe7 24. Bg4 a5 25. Bc8 axb4 26. Nxb5 Rb8 27. Bxb7 Rxb7 28. Nxd6 Rc7 29. Nf5 Qf8 30. Qxc7 Bxc7 31. Rxc7 g6 32. d6 1-0

[Event "Tashkent IM 01"]
[Site "Tashkent"]
[Date "2015.03.06"]
[Round "5"]
[White "Tokhirjonova, Gulruhbegim"]
[Black "Vul, Arkadi Eremeevich"]
[Result "1-0"]
[WhiteElo "2181"]
[BlackElo "2287"]
[PlyCount "109"]
[EventDate "2015.03.04"]
[EventType "tourn"]
[EventRounds "9"]
[EventCountry "UZB"]
[EventCategory "1"]
[SourceTitle "CBM 165 Extra"]
[Source "ChessBase"]
[SourceDate "2015.04.21"]
[SourceVersion "1"]
[SourceVersionDate "2015.04.21"]
[SourceQuality "1"]

1. e4 e5 2. Nf3 Nc6 3. d4 exd4 4. Nxd4 Qf6 5. Be3 Bc5 6. c3 Nge7 7. Bc4 Ne5 8. Be2 Qg6 9. Bf3 Nxf3+ 10. Qxf3 0-0 11. 0-0 d6 12. Nd2 f5 13. Nb5 fxe4 14. Qxe4 Qxe4 15. Nxe4 Bxe3 16. Nxc7 Bf4 17. Nxa8 d5 18. Ng3 Bd7 19. Rfe1 Ng6 20. Rad1 Bc6 21. Ne2 Rxa8 22. Nxf4 Nxf4 23. f3 Kf7 24. Kf2 Ne6 25. h4 Rd8 26. Re3 d4 27. cxd4 Rxd4 28. Rxd4 Nxd4 29. Rd3 Nf5 30. h5 Ke7 31. g4 Nd6 32. Kg3 h6 33. Kf4 Nf7 34. Ra3 Ng5 35. Rxa7 Nxf3 36. a4 Kf6 37. a5 Nd4 38. a6 Ne6+ 39. Kg3 bxa6 40. Rxa6 Bd5 41. b4 Ke5 42. Ra7 Kd4 43. Rd7 Ke5 44. b5 Bh1 45. b6 Kf6 46. b7 Bxb7 47. Rxb7 Ng5 48. Rb6+ Ne6 49. Kf3 Ke5 50. Ke3 Ng5 51. Rb5+ Kf6 52. Kf4 Ne6+ 53. Ke4 Ng5+ 54. Kd5 Nh3 55. Rb6+ 1-0

[Event "Tashkent IM 01"]
[Site "Tashkent"]
[Date "2015.03.04"]
[Round "1"]
[White "Dmitrenko, Viktor"]
[Black "Vul, Arkadi Eremeevich"]
[Result "1/2-1/2"]
[WhiteElo "2344"]
[BlackElo "2287"]
[PlyCount "27"]
[EventDate "2015.03.04"]
[EventType "tourn"]
[EventRounds "9"]
[EventCountry "UZB"]
[EventCategory "1"]
[SourceTitle "CBM 165 Extra"]
[Source "ChessBase"]
[SourceDate "2015.04.21"]
[SourceVersion "1"]
[SourceVersionDate "2015.04.21"]
[SourceQuality "1"]

1. d4 d5 2. c4 e6 3. Nc3 c6 4. Nf3 Nf6 5. cxd5 exd5 6. Qc2 Nbd7 7. Bg5 Be7 8. e3 Nh5 9. Bxe7 Qxe7 10. Bd3 Nf4 11. Bf1 Nh5 12. Bd3 Nf4 13. Bf1 Nh5 14. Bd3 1/2-1/2

[Event "Tashkent IM 02"]
[Site "Tashkent"]
[Date "2015.02.28"]
[Round "4"]
[White "Dmitrenko, Viktor"]
[Black "Vul, Arkadi Eremeevich"]
[Result "1/2-1/2"]
[WhiteElo "2350"]
[BlackElo "2270"]
[PlyCount "36"]
[EventDate "2015.02.27"]
[EventType "tourn"]
[EventRounds "9"]
[EventCountry "UZB"]
[EventCategory "2"]
[SourceTitle "CBM 165 Extra"]
[Source "ChessBase"]
[SourceDate "2015.04.21"]
[SourceVersion "1"]
[SourceVersionDate "2015.04.21"]
[SourceQuality "1"]

1. e4 e5 2. Nf3 Nc6 3. Bb5 Nf6 4. 0-0 Nxe4 5. Qe2 Nd6 6. Bxc6 dxc6 7. Qxe5+ Qe7 8. Qa5 Qd8 9. Qe5+ Qe7 10. Qxe7+ Bxe7 11. h3 0-0 12. Re1 Bf6 13. Nc3 Bf5 14. d3 Rfe8 15. Bg5 Bxg5 16. Nxg5 Rxe1+ 17. Rxe1 Re8 18. Rxe8+ Nxe8 1/2-1/2

[Event "Tatry op"]
[Site "Tatranske Zruby"]
[Date "2014.10.03"]
[Round "7"]
[White "Vul, Arkadi Eremeevich"]
[Black "Haring, Viktor"]
[Result "0-1"]
[WhiteElo "2294"]
[BlackElo "2033"]
[PlyCount "100"]
[EventDate "2014.09.28"]
[EventType "swiss"]
[EventRounds "9"]
[EventCountry "SVK"]
[SourceTitle "CBM 162 Extra"]
[Source "ChessBase"]
[SourceDate "2014.10.17"]
[SourceVersion "1"]
[SourceVersionDate "2014.10.17"]
[SourceQuality "1"]

1. Nf3 d5 2. d4 c6 3. c4 Nf6 4. cxd5 cxd5 5. Nc3 Nc6 6. Bf4 a6 7. Rc1 Nh5 8. Bd2 e6 9. Ne5 Nxe5 10. dxe5 g6 11. e4 Be7 12. exd5 exd5 13. Be3 Be6 14. g4 Ng7 15. Bg2 Qa5 16. 0-0 Rd8 17. Qd4 h5 18. h3 hxg4 19. hxg4 Rh4 20. f3 Nf5 21. Qb6 Qxb6 22. Bxb6 Ng3 23. Rfd1 Bg5 24. Rc2 Rc8 25. Kf2 Bf4 26. Be3 Bxe5 27. f4 Bxc3 28. Rxc3 Rxc3 29. bxc3 Rxg4 30. Rd4 Nf5 31. Rd3 Nxe3 32. Rxe3 Rxf4+ 33. Kg3 Rg4+ 34. Kf2 Kd7 35. Rd3 Kd6 36. Bf3 Ra4 37. Rd2 g5 38. Ke3 g4 39. Bd1 Re4+ 40. Kf2 Ke5 41. Bb3 b5 42. Rd1 f5 43. Rh1 f4 44. Rh5+ Kd6 45. Rh8 g3+ 46. Kf3 Bg4+ 47. Kxg4 g2 48. Rd8+ Ke7 49. Rxd5 g1Q+ 50. Kf5 Re6 0-1

[Event "Tatry op"]
[Site "Tatranske Zruby"]
[Date "2014.10.02"]
[Round "6"]
[White "Jasny, Stanislav"]
[Black "Vul, Arkadi Eremeevich"]
[Result "1-0"]
[WhiteElo "2409"]
[BlackElo "2294"]
[PlyCount "139"]
[EventDate "2014.09.28"]
[EventType "swiss"]
[EventRounds "9"]
[EventCountry "SVK"]
[SourceTitle "CBM 162 Extra"]
[Source "ChessBase"]
[SourceDate "2014.10.17"]
[SourceVersion "1"]
[SourceVersionDate "2014.10.17"]
[SourceQuality "1"]

1. e4 e5 2. Nf3 Nc6 3. Bc4 Nf6 4. d4 exd4 5. e5 Ng4 6. 0-0 d6 7. exd6 Bxd6 8. Re1+ Kf8 9. Nbd2 Nge5 10. Nxe5 Nxe5 11. Bb3 Bg4 12. f3 Bf5 13. Ne4 h6 14. Bf4 Bxe4 15. Rxe4 Nc6 16. Qd3 g5 17. Qc4 Rh7 18. Bxd6+ Qxd6 19. Rae1 Rd8 20. Qb5 a6 21. Qf5 Qg6 22. Qxg6 fxg6 23. Re6 Re7 24. Rf6+ Ke8 25. Bf7+ Kd7 26. Be6+ Kd6 27. Bc8+ Kc5 28. Rxe7 Nxe7 29. Bxb7 Rb8 30. Be4 Rb6 31. Rf7 Kd6 32. b3 Ke6 33. Rf8 h5 34. Re8 Kd7 35. Ra8 Nf5 36. Bd3 Ne3 37. Kf2 Rc6 38. Rxa6 Rxa6 39. Bxa6 Nxc2 40. Bd3 Nb4 41. Bxg6 Nxa2 42. Bxh5 Nc1 43. Bf7 Nd3+ 44. Kf1 Kd6 45. g3 Ne5 46. Bh5 Nd3 47. Bg6 Nc1 48. Bf7 Ke5 49. Ke1 Nd3+ 50. Ke2 Nb4 51. h3 c5 52. Kd2 Kf6 53. Bc4 Nc6 54. Bd5 Ne5 55. Be4 Ke6 56. f4 gxf4 57. gxf4 Nd7 58. Ke2 Nb6 59. h4 Nc8 60. h5 Nd6 61. h6 Kf6 62. Bd3 Nb7 63. Kf3 Na5 64. f5 Nc6 65. h7 Kg7 66. f6+ Kh8 67. Kf4 Nd8 68. Ke5 Nf7+ 69. Kd5 c4 70. Kxc4 1-0